Normal view MARC view
  • Nik Abdul Aziz Nik Mat,

Entry Personal Name

Number of records used in: 3

001 - CONTROL NUMBER

  • control field: 1805

003 - CONTROL NUMBER IDENTIFIER

  • control field: OSt

005 - DATE AND TIME OF LATEST TRANSACTION

  • control field: 20170505142231.0

008 - FIXED-LENGTH DATA ELEMENTS

  • fixed length control field: 170505|| aca||aabn | a|a d

040 ## - CATALOGING SOURCE

  • Original cataloging agency: OSt
  • Transcribing agency: OSt

100 ## - HEADING--PERSONAL NAME

  • Personal name: Nik Abdul Aziz Nik Mat,
  • Titles and other words associated with a name: Dato',
  • Dates associated with a name: 1931-2015

670 ## - SOURCE DATA FOUND

  • Source citation: Work cat.: (OSt)0: Nik Abdul Aziz Nik Mat, Dato', 1931-2015, Tafsir surah Hud (dari Dewan Zulkifli Muhammad) /, 1996
Pusat Sumber Maklumat Dato' Haji Sarmin Md Hussin, Akademi Kastam Diraja Malaysia, Melaka
Tel: 06-2331106 | Faks: 06-2313787